[Event "4NCL Online Division 1"]
[Site "online"]
[Date "2020.04.14"]
[Round "2.134"]
[White "Ward, Julian T"]
[Black "Jina, Taran"]
[Result "0-1"]
[WhiteElo "2169"]
[BlackElo "2132"]
[PlyCount "102"]
[EventDate "2020.04.14"]
[WhiteTeam "King's Head"]
[BlackTeam "Warwick University A"]

1. Nf3 b5 2. e4 Bb7 3. Qe2 a6 4. g3 Nf6 5. d3 e6 6. Bg2 Be7 7. O-O d6 8. Nbd2
c5 9. a4 Nbd7 10. Re1 Qa5 11. e5 dxe5 12. Nxe5 Bxg2 13. Kxg2 Nxe5 14. Qxe5 O-O
15. h3 Rfd8 16. Qe2 Rac8 17. Nb3 Qb6 18. axb5 axb5 19. Qf3 Nd5 20. Bd2 Rd7 21.
Ba5 Qd6 22. c4 Nb4 23. Bxb4 cxb4 24. cxb5 Qb6 25. Ra8 Rdd8 26. Rea1 Qxb5 27.
Rxc8 Rxc8 28. Ra8 Rxa8 29. Qxa8+ Bf8 30. Qe4 g6 31. Nd2 Bg7 32. b3 h5 33. Nc4
Qc5 34. h4 Bc3 35. f3 Qa7 36. g4 Qa2+ 37. Kh3 Qxb3 38. gxh5 gxh5 39. Qa8+ Kg7
40. Qa5 Bf6 41. Nd6 Qxd3 42. Ne8+ Kg6 43. Kg3 Qf5 44. Qxb4 Be5+ 45. Kf2 Qc2+
46. Kf1 Qd3+ 47. Kf2 Qd4+ 48. Qxd4 Bxd4+ 49. Kg3 Be5+ 50. f4 Bb8 51. Kf3 f5 0-1

[Event "4NCL Online Division 1"]
[Site "online"]
[Date "2020.04.14"]
[Round "2.141"]
[White "Venkataramanan, T.S."]
[Black "Mitchell, Martin"]
[Result "1-0"]
[WhiteElo "2335"]
[BlackElo "2190"]
[PlyCount "131"]
[EventDate "2020.04.14"]
[WhiteTeam "Watford 1"]
[BlackTeam "Spirit of Atticus"]

1. e4 d6 2. d4 Nf6 3. Nc3 g6 4. Be3 c6 5. f3 Nbd7 6. Qd2 b5 7. O-O-O b4 8. Nce2
a5 9. g4 Nb6 10. Ng3 h5 11. g5 Nfd7 12. h4 d5 13. f4 dxe4 14. Nxe4 Nd5 15. Nf3
Bg7 16. Bh3 N7b6 17. Bxc8 Qxc8 18. Qd3 Nxe3 19. Qxe3 Nd5 20. Nd6+ Kf8 21. Nxc8
Nxe3 22. Nb6 Ra6 23. Nd7+ Ke8 24. Nc5 Nxd1 25. Nxa6 Ne3 26. Nb8 Ng2 27. Nxc6
Nxf4 28. Re1 e6 29. Nxa5 Kd7 30. Nc4 Rb8 31. Kd2 Nd5 32. Rf1 Ke8 33. Nfe5 Bxe5
34. dxe5 Ke7 35. Nd6 Rf8 36. c4 bxc3+ 37. bxc3 Nb6 38. Kd3 Nc8 39. Nc4 Rd8+ 40.
Ke4 Rd5 41. Rb1 Rc5 42. Rb4 Kd7 43. a4 Kc6 44. a5 Na7 45. a6 Nb5 46. Kd3 Rd5+
47. Kc2 Rd7 48. Kb3 Ra7 49. Na5+ Kc5 50. Rc4+ Kb6 51. Kb4 Rc7 52. Rxc7 Nxc7 53.
a7 Kxa7 54. Kc5 Nd5 55. c4 Nf4 56. Kd6 Kb8 57. c5 Nd3 58. Nc6+ Kb7 59. Ne7 Nb2
60. c6+ Kb6 61. c7 Nc4+ 62. Kd7 Nxe5+ 63. Kd8 f5 64. c8=Q Nf7+ 65. Kd7 Ne5+ 66.
Kxe6 1-0

[Event "4NCL Online Division 1"]
[Site "online"]
[Date "2020.04.14"]
[Round "2.142"]
[White "Ellames, Roy"]
[Black "Stone, Andrew M"]
[Result "1-0"]
[WhiteElo "2041"]
[BlackElo "2192"]
[PlyCount "101"]
[EventDate "2020.04.14"]
[WhiteTeam "Spirit of Atticus"]
[BlackTeam "Watford 1"]

1. e4 d6 2. d4 Nf6 3. Nd2 e5 4. Ngf3 exd4 5. Nxd4 Be7 6. Bd3 O-O 7. O-O Nc6 8.
c3 Ne5 9. Bc2 Re8 10. h3 Ng6 11. f4 Bf8 12. Qf3 c5 13. Ne2 Bd7 14. g4 Bc6 15.
Ng3 d5 16. e5 d4 17. Nde4 Nxe4 18. Bxe4 Nh4 19. Qd3 dxc3 20. Qxc3 Bxe4 21. Nxe4
Qd5 22. Qe1 Be7 23. Qe2 Rad8 24. Nc3 Qd3 25. Be3 Qxe2 26. Nxe2 Rd3 27. Kf2 Red8
28. Nc3 Ng2 29. Kxg2 Rxe3 30. Rad1 Rd4 31. Rxd4 cxd4 32. Nd5 Re2+ 33. Kf3 Rxb2
34. Nxe7+ Kf8 35. Nf5 d3 36. Rd1 g6 37. Nd6 d2 38. Nc4 Rxa2 39. Nxd2 Ra3+ 40.
Ke4 Rxh3 41. Nf3 Ke7 42. Ra1 a6 43. Rb1 b5 44. Ra1 f5+ 45. gxf5 gxf5+ 46. Ke3
b4 47. Rxa6 Rh1 48. Rb6 Rb1 49. Nd2 Rb2 50. Rb7+ Ke6 51. Rxh7 1-0

[Event "4NCL Online Division 1"]
[Site "online"]
[Date "2020.04.14"]
[Round "2.143"]
[White "Karamazondo, Ernest"]
[Black "Phillips, David A"]
[Result "1/2-1/2"]
[WhiteElo "2117"]
[BlackElo "2050"]
[PlyCount "40"]
[EventDate "2020.04.14"]
[WhiteTeam "Watford 1"]
[BlackTeam "Spirit of Atticus"]

1. e4 c5 2. Nf3 Nc6 3. d4 cxd4 4. c3 Nf6 5. e5 Nd5 6. Bc4 Nb6 7. Bb3 g6 8. cxd4
Bg7 9. Nc3 O-O 10. h4 d6 11. e6 d5 12. exf7+ Rxf7 13. Ng5 Nxd4 14. Nxf7 Kxf7
15. Be3 Nxb3 16. Qxb3 Be6 17. Bxb6 Qxb6 18. O-O d4 19. Qxb6 axb6 20. Ne2 Rxa2
1/2-1/2

[Event "4NCL Online Division 1"]
[Site "online"]
[Date "2020.04.14"]
[Round "2.144"]
[White "Buckley, Colm"]
[Black "Nelson, Omowale"]
[Result "0-1"]
[WhiteElo "1920"]
[BlackElo "2027"]
[PlyCount "100"]
[EventDate "2020.04.14"]
[WhiteTeam "Spirit of Atticus"]
[BlackTeam "Watford 1"]

1. d4 d5 2. Bf4 Nf6 3. e3 Bf5 4. c4 Nc6 5. Nc3 e6 6. a3 Be7 7. Nf3 O-O 8. Bd3
dxc4 9. Bxc4 Bd6 10. Bg5 h6 11. Bh4 g5 12. Bg3 Qe7 13. Qe2 a6 14. e4 g4 15.
Bxd6 Qxd6 16. exf5 gxf3 17. Qxf3 Nxd4 18. Qd3 Nxf5 19. O-O b5 20. Qxd6 Nxd6 21.
Be2 Rfd8 22. Bf3 Rab8 23. Rfd1 Nf5 24. Rxd8+ Rxd8 25. Bb7 Rd6 26. g3 c5 27. Rd1
b4 28. axb4 cxb4 29. Rxd6 Nxd6 30. Bxa6 bxc3 31. bxc3 Nd5 32. c4 Nc7 33. c5
Nxa6 34. cxd6 Nc5 35. g4 Kf8 36. Kg2 Ne4 37. d7 Ke7 38. Kf3 Nf6 39. h4 Kxd7 40.
g5 hxg5 41. hxg5 Nd5 42. Ke4 Kd6 43. f4 Ne7 44. Kd4 Ng6 45. Ke4 Nxf4 46. Kxf4
Kd5 47. Kg4 Ke4 48. Kh5 Kf5 49. Kh6 e5 50. Kg7 Kxg5 0-1

[Event "4NCL Online Division 1"]
[Site "online"]
[Date "2020.04.14"]
[Round "2.151"]
[White "Granat, Russell G"]
[Black "Balaji, Aaravamudhan"]
[Result "1-0"]
[WhiteElo "2297"]
[BlackElo "2206"]
[PlyCount "121"]
[EventDate "2020.04.14"]
[WhiteTeam "Wimbledon 1"]
[BlackTeam "Kent KJCA Kestrels A"]

1. e4 e5 2. Nf3 Nc6 3. Bb5 a6 4. Ba4 Nf6 5. O-O Be7 6. Qe2 b5 7. Bb3 O-O 8. c3
d5 9. d3 Re8 10. Bg5 Be6 11. Rd1 h6 12. Bxf6 Bxf6 13. Nbd2 g6 14. Nf1 Na5 15.
Bxd5 Bxd5 16. exd5 Qxd5 17. Ne3 Qe6 18. Nd2 Nb7 19. a4 Nc5 20. axb5 axb5 21.
Rxa8 Rxa8 22. Ne4 Nxe4 23. dxe4 c6 24. h3 Rd8 25. Rxd8+ Bxd8 26. c4 b4 27. Qd3
Bb6 28. b3 Bd4 29. Nc2 c5 30. Qd2 Kg7 31. Ne3 f5 32. exf5 gxf5 33. Nd5 Qa6 34.
Kh2 Qa1 35. Qe2 Qb1 36. Qf3 Qe4 37. Qxe4 fxe4 38. Kg1 Kg6 39. Kf1 Kf5 40. g3
Kg5 41. Ke2 Kf5 42. Ne3+ Kg6 43. Nf1 h5 44. Ne3 Kf6 45. f3 exf3+ 46. Kxf3 Kg6
47. Ke4 Kf6 48. g4 h4 49. Nf5 Kg5 50. Ne3 Kg6 51. Nf1 Kf6 52. Nh2 Bf2 53. Nf3
Bg3 54. Kd5 Bf4 55. Nxh4 Be3 56. Nf3 Bd4 57. h4 Bc3 58. h5 Bb2 59. Ke4 Bc3 60.
g5+ Ke6 61. h6 1-0

[Event "4NCL Online Division 1"]
[Site "online"]
[Date "2020.04.14"]
[Round "2.152"]
[White "Hand, Freddie"]
[Black "Keene, Nick R"]
[Result "0-1"]
[WhiteElo "2181"]
[BlackElo "2072"]
[PlyCount "116"]
[EventDate "2020.04.14"]
[WhiteTeam "Kent KJCA Kestrels A"]
[BlackTeam "Wimbledon 1"]

1. d4 b6 2. e4 Bb7 3. Bd3 Nf6 4. Nc3 e6 5. Nge2 d5 6. e5 Nfd7 7. Nf4 Qe7 8. Nb5
Kd8 9. O-O a6 10. Na3 b5 11. c3 c5 12. dxc5 Nxc5 13. Nc2 Nxd3 14. Qxd3 Nd7 15.
Qe2 Nc5 16. Be3 Qc7 17. Nd4 Kd7 18. b3 Qxe5 19. c4 g5 20. Nh5 Bd6 21. Nf3 Qf5
22. Bxc5 Bxc5 23. Ng3 Qf4 24. cxb5 h5 25. Ne5+ Kd6 26. Nd3 Qf6 27. Nxc5 Kxc5
28. bxa6 Bxa6 29. Qe3+ Kd6 30. Rfd1 Qf4 31. Qb6+ Ke7 32. Rac1 h4 33. Rc7+ Kf6
34. Nf1 h3 35. Ne3 Kg7 36. Qd4+ Qxd4 37. Rxd4 Rhc8 38. Rxc8 Rxc8 39. gxh3 f5
40. Rd2 Kf6 41. Kg2 Ke5 42. b4 Bb5 43. Nc2 Ra8 44. a3 Bc4 45. Kg3 Bb3 46. Nd4
Bc4 47. Nc6+ Kd6 48. Na5 Bb5 49. h4 gxh4+ 50. Kxh4 Rg8 51. Nb7+ Ke5 52. Nc5 Kf4
53. Nxe6+ Ke5 54. Nc5 Rg4+ 55. Kh5 Kf6 56. Nd7+ Bxd7 57. Re2 Re4 58. Rxe4 fxe4
0-1

[Event "4NCL Online Division 1"]
[Site "online"]
[Date "2020.04.14"]
[Round "2.153"]
[White "Agrawal, Shivam"]
[Black "Verma, Aditya"]
[Result "1/2-1/2"]
[WhiteElo "1952"]
[BlackElo "2169"]
[PlyCount "61"]
[EventDate "2020.04.14"]
[WhiteTeam "Wimbledon 1"]
[BlackTeam "Kent KJCA Kestrels A"]

1. d4 d5 2. c4 c6 3. Nc3 Nf6 4. Nf3 e6 5. g3 Nbd7 6. Bg2 Be7 7. b3 Bb4 8. Bd2
O-O 9. O-O a6 10. Nxd5 Nxd5 11. cxd5 Bxd2 12. dxc6 Bb4 13. cxd7 Qxd7 14. e3 Qe7
15. Qc1 Bd7 16. Ne5 Rac8 17. Qd1 Bb5 18. Nc4 Bxc4 19. bxc4 Rxc4 20. Rc1 b5 21.
Rxc4 bxc4 22. Qe2 Rc8 23. Rc1 Qc7 24. Bf1 c3 25. Qxa6 h6 26. Rc2 Rd8 27. Bg2
Rd6 28. Qa8+ Rd8 29. Qa6 Rd6 30. Qa8+ Rd8 31. Qa6 1/2-1/2

[Event "4NCL Online Division 1"]
[Site "online"]
[Date "2020.04.14"]
[Round "2.161"]
[White "Harvey, Marcus R"]
[Black "Kanyamarala, Trisha"]
[Result "1-0"]
[WhiteElo "2440"]
[BlackElo "2201"]
[PlyCount "103"]
[EventDate "2020.04.14"]
[WhiteTeam "Wood Green"]
[BlackTeam "Gonzaga B Sharps"]

1. d4 Nf6 2. c4 e6 3. Nc3 Bb4 4. f3 d5 5. a3 Bxc3+ 6. bxc3 c5 7. cxd5 Nxd5 8.
dxc5 Qa5 9. e4 Ne7 10. Kf2 Qxc5+ 11. Qd4 Qxd4+ 12. cxd4 Nbc6 13. Bb2 O-O 14.
Bc4 Rd8 15. Ne2 b6 16. Rac1 Bb7 17. Ba2 Rd7 18. Rhd1 Rad8 19. Ke3 Nc8 20. h4 a6
21. Nf4 e5 22. Nd5 exd4+ 23. Bxd4 Nxd4 24. Rxd4 Bxd5 25. Rxd5 Ne7 26. Rxd7 Rxd7
27. Bc4 b5 28. Bd5 Kf8 29. Kd4 Ke8 30. Rc5 Kd8 31. h5 g6 32. h6 Ng8 33. Rc6 Ra7
34. Kc5 Ne7 35. Rd6+ Ke8 36. Bc6+ Nxc6 37. Kxc6 Ke7 38. Rd5 Ke6 39. Kb6 Ra8 40.
Kb7 Rf8 41. g4 Re8 42. f4 Rf8 43. Rc5 Rg8 44. Rc6+ Ke7 45. Rc5 Rd8 46. Re5+ Kf8
47. Rd5 Re8 48. e5 Re6 49. f5 gxf5 50. gxf5 Rxh6 51. f6 Ke8 52. Kc7 1-0

[Event "4NCL Online Division 1"]
[Site "online"]
[Date "2020.04.14"]
[Round "2.162"]
[White "Miller, Ioana"]
[Black "Fernandez, Daniel Howard"]
[Result "0-1"]
[WhiteElo "2185"]
[BlackElo "2466"]
[PlyCount "52"]
[EventDate "2020.04.14"]
[WhiteTeam "Gonzaga B Sharps"]
[BlackTeam "Wood Green"]

1. e4 c5 2. Nf3 d6 3. d4 cxd4 4. Nxd4 Nf6 5. Nc3 a6 6. Bc4 e6 7. Bb3 Nc6 8. Bg5
Be7 9. Qd2 h6 10. Bh4 Na5 11. O-O-O b5 12. Bxf6 Bxf6 13. f4 Bb7 14. Rhe1 Qc7
15. Kb1 Qc5 16. e5 dxe5 17. fxe5 Bg5 18. Qd3 O-O 19. Ne4 Qxe5 20. Nf3 Bxe4 21.
Rxe4 Qc7 22. Nxg5 hxg5 23. h4 Rad8 24. Rd4 Nc6 25. Rd6 Rxd6 26. Qxd6 Rd8 0-1

[Event "4NCL Online Division 1"]
[Site "online"]
[Date "2020.04.14"]
[Round "2.163"]
[White "McPhillips, Joseph"]
[Black "Steil-Antoni, Fiona"]
[Result "1-0"]
[WhiteElo "2425"]
[BlackElo "2129"]
[PlyCount "111"]
[EventDate "2020.04.14"]
[WhiteTeam "Wood Green"]
[BlackTeam "Gonzaga B Sharps"]

1. e4 e5 2. Nf3 Nc6 3. Bb5 a6 4. Ba4 d6 5. c3 Bd7 6. O-O Nge7 7. d4 Ng6 8. Be3
Be7 9. d5 Nb8 10. Bc2 h6 11. Qd2 O-O 12. Ne1 f5 13. exf5 Bxf5 14. Bxf5 Rxf5 15.
Qc2 Qf8 16. Nd2 Nf4 17. c4 Nd7 18. Ne4 Qf7 19. g4 Qg6 20. f3 Rf7 21. Ng3 Qxc2
22. Nxc2 g6 23. Rae1 Kg7 24. Bxf4 Rxf4 25. Re4 Raf8 26. Rxf4 Rxf4 27. b3 Nc5
28. Ne2 Rf7 29. f4 exf4 30. Rxf4 Rxf4 31. Nxf4 Bg5 32. Nh3 Kf6 33. Kf1 Ke5 34.
Ke2 Bf4 35. Nd4 Bc1 36. Nf3+ Kf6 37. Nf2 a5 38. h3 h5 39. Nd4 Ke5 40. Nb5 c6
41. dxc6 bxc6 42. Na7 Kf4 43. Nxc6 h4 44. Nxa5 Kg3 45. b4 Ne6 46. Nb3 Nf4+ 47.
Kf1 Nxh3 48. Nh1+ Kxg4 49. Nxc1 Kf5 50. Nd3 Ng5 51. a4 Ne4 52. Kg2 g5 53. Nhf2
Nf6 54. a5 g4 55. a6 g3 56. a7 1-0

[Event "4NCL Online Division 1"]
[Site "online"]
[Date "2020.04.14"]
[Round "2.164"]
[White "Mirza, Diana"]
[Black "Greet, Andrew N"]
[Result "1/2-1/2"]
[WhiteElo "1939"]
[BlackElo "2417"]
[PlyCount "119"]
[EventDate "2020.04.14"]
[WhiteTeam "Gonzaga B Sharps"]
[BlackTeam "Wood Green"]

1. d4 e6 2. Nf3 f5 3. e3 Nf6 4. Bd3 b6 5. b3 Bb7 6. Bb2 Be7 7. Nbd2 O-O 8. O-O
Ne4 9. c4 Bf6 10. Qc2 Nxd2 11. Nxd2 c5 12. e4 Nc6 13. e5 Bg5 14. f4 Bh6 15. d5
Nb4 16. Qb1 g5 17. a3 Nxd3 18. Qxd3 gxf4 19. Nf3 Qe8 20. Rf2 Qg6 21. Raf1 Rf7
22. Bc1 Rg7 23. Ne1 Kh8 24. Bxf4 Rag8 25. g3 Qh5 26. Ng2 Rg4 27. Bxh6 Qxh6 28.
Rf4 R4g5 29. Rh4 Qg7 30. Re1 Rg4 31. Rxg4 Qxg4 32. Ne3 Qd4 33. Qxd4 cxd4 34.
Nc2 d3 35. Nb4 d2 36. Rd1 a5 37. Nc2 exd5 38. Rxd2 dxc4 39. bxc4 Be4 40. Nd4 f4
41. Kf2 fxg3+ 42. hxg3 Re8 43. Nb5 Bc6 44. Re2 Kg7 45. g4 Rf8+ 46. Kg3 Rf3+ 47.
Kh4 Bxb5 48. cxb5 Rd3 49. e6 dxe6 50. Rxe6 Rxa3 51. Rxb6 h6 52. Ra6 a4 53. b6
Rb3 54. Ra7+ Kg6 55. b7 a3 56. Ra6+ Kg7 57. Ra7 Kg6 58. Ra6+ Kg7 59. Ra7 Kg6
60. Ra6+ 1/2-1/2

[Event "4NCL Online Division 1"]
[Site "online"]
[Date "2020.04.21"]
[Round "3.11"]
[White "Arkell, Keith C"]
[Black "Walker, Martin G"]
[Result "1-0"]
[WhiteElo "2429"]
[BlackElo "2275"]
[PlyCount "133"]
[EventDate "2020.04.21"]
[WhiteTeam "Arkell's Angels"]
[BlackTeam "Anglian Avengers 1"]

1. d4 Nf6 2. Nf3 c5 3. d5 e6 4. Nc3 d6 5. e4 exd5 6. Nxd5 Nxd5 7. Qxd5 Qc7 8.
Bb5+ Bd7 9. Bxd7+ Nxd7 10. O-O Be7 11. Bf4 Nf6 12. Qd3 O-O 13. c4 Rfd8 14. h3
Nd7 15. Rad1 Ne5 16. Bxe5 dxe5 17. Qc2 f6 18. Nd2 Rd4 19. Nb1 Bf8 20. b3 Rad8
21. Nc3 a6 22. Nd5 Qa5 23. a4 b5 24. axb5 Rxd1 25. Rxd1 axb5 26. cxb5 Bd6 27.
b6 Kf7 28. Qc4 Kf8 29. g3 Be7 30. Kg2 Bd6 31. Qe2 h6 32. Qg4 Kf7 33. h4 Qb5 34.
Ra1 Bb8 35. Qf3 Qd7 36. h5 Qc8 37. g4 Qd7 38. Qf5 Qxf5 39. gxf5 Ke8 40. Ra5 Kd7
41. Rxc5 Bd6 42. Ra5 Bb8 43. Kf3 Kc6 44. Ke2 Kb7 45. Rc5 Bd6 46. Rc4 Bb8 47.
Kd3 Re8 48. Kc3 Bd6 49. Ra4 Rc8+ 50. Kb2 Bb8 51. Ra1 Rd8 52. Rg1 Rd7 53. Kc3
Bd6 54. Kc4 Kc6 55. f3 Bb8 56. Rg2 Bd6 57. Ra2 Bb8 58. Rd2 Kb7 59. Kb5 Rd8 60.
Rc2 Rd7 61. Rc6 Bd6 62. Ne3 Bf8 63. Nc4 Rd3 64. Rc7+ Kb8 65. Na5 Rxf3 66. Nc6+
Ka8 67. b7# 1-0

[Event "4NCL Online Division 1"]
[Site "online"]
[Date "2020.04.21"]
[Round "3.12"]
[White "Plueg, Andreas"]
[Black "Ruperez Benito, Antonio"]
[Result "0-1"]
[WhiteElo "2260"]
[BlackElo "2356"]
[PlyCount "54"]
[EventDate "2020.04.21"]
[WhiteTeam "Anglian Avengers 1"]
[BlackTeam "Arkell's Angels"]

1. d4 d5 2. Nf3 e6 3. c3 Nf6 4. Bf4 c5 5. e3 Nc6 6. Nbd2 Bd6 7. Bg3 O-O 8. Bd3
b6 9. O-O Bxg3 10. hxg3 Bb7 11. Ne5 Nxe5 12. dxe5 Ne4 13. Qc2 Nxd2 14. Qxd2 f6
15. exf6 Qxf6 16. Qe2 Rad8 17. Qh5 g6 18. Qh6 e5 19. Rad1 e4 20. Be2 Rde8 21.
Qh4 Qe5 22. Rd2 Re6 23. Rfd1 Kg7 24. c4 g5 25. Qg4 Rd6 26. cxd5 Bc8 27. Qh5 Rh6
0-1

[Event "4NCL Online Division 1"]
[Site "online"]
[Date "2020.04.21"]
[Round "3.13"]
[White "Littlewood, Paul E"]
[Black "Lewis, Andrew P"]
[Result "0-1"]
[WhiteElo "2347"]
[BlackElo "2243"]
[PlyCount "94"]
[EventDate "2020.04.21"]
[WhiteTeam "Arkell's Angels"]
[BlackTeam "Anglian Avengers 1"]

1. d4 Nf6 2. c4 g6 3. Nc3 Bg7 4. e4 d6 5. Nf3 O-O 6. Be2 e5 7. O-O Nc6 8. d5
Ne7 9. Bg5 Kh8 10. Nd2 Nfg8 11. b4 f5 12. c5 h6 13. Bxe7 Qxe7 14. cxd6 cxd6 15.
Rc1 Nf6 16. Nb5 fxe4 17. Nc7 Rb8 18. Qa4 h5 19. Qxa7 Bf5 20. Qb6 Bh6 21. Rcd1
Rbc8 22. Nb5 Nxd5 23. Qxd6 Qxd6 24. Nxd6 Nc3 25. Nxc8 Nxe2+ 26. Kh1 Rxc8 27.
Nb3 h4 28. Rfe1 Rc2 29. Rd8+ Kg7 30. Rb8 h3 31. Rxb7+ Kf6 32. Nc5 hxg2+ 33.
Kxg2 Nf4+ 34. Kf1 e3 35. fxe3 Nd5 36. Re2 Nxe3+ 37. Ke1 Rc1+ 38. Kf2 Rf1+ 39.
Kg3 Bf4+ 40. Kh4 Bg5+ 41. Kg3 Bf4+ 42. Kh4 g5+ 43. Kh5 Bg4+ 44. Kh6 Bxe2 45. h3
Rh1 46. Ne4+ Kf5 47. Nf2 Rh2 0-1

[Event "4NCL Online Division 1"]
[Site "online"]
[Date "2020.04.21"]
[Round "3.14"]
[White "Talsma, Paul"]
[Black "Whyte, Brian G"]
[Result "1-0"]
[WhiteElo "2177"]
[BlackElo "2048"]
[PlyCount "43"]
[EventDate "2020.04.21"]
[WhiteTeam "Anglian Avengers 1"]
[BlackTeam "Arkell's Angels"]

1. d4 d5 2. c4 e6 3. Nc3 c5 4. cxd5 exd5 5. Nf3 Nc6 6. dxc5 d4 7. Na4 b5 8.
cxb6 axb6 9. e3 Bb4+ 10. Bd2 dxe3 11. Bxb4 exf2+ 12. Kxf2 Qxd1 13. Rxd1 Rxa4
14. Bc3 Nge7 15. Bb5 Rf4 16. Rd6 Bb7 17. Bxg7 Rg8 18. Rhd1 f6 19. Bxf6 Rg6 20.
Bxe7 Kxe7 21. Rd7+ Ke8 22. Rxb7 1-0

[Event "4NCL Online Division 1"]
[Site "online"]
[Date "2020.04.21"]
[Round "3.21"]
[White "Cox, John J"]
[Black "Keene, Nick R"]
[Result "1-0"]
[WhiteElo "2315"]
[BlackElo "2072"]
[PlyCount "81"]
[EventDate "2020.04.21"]
[WhiteTeam "Barbican 4NCL"]
[BlackTeam "Wimbledon 1"]

1. d4 b6 2. e4 Bb7 3. Bd3 Nf6 4. Nd2 e6 5. Ngf3 d5 6. e5 Nfd7 7. O-O c5 8. c3
Ba6 9. Bxa6 Nxa6 10. Re1 cxd4 11. Nxd4 Nac5 12. Qe2 a6 13. c4 dxc4 14. Nxc4 b5
15. Nc6 Qc7 16. N4a5 Nb8 17. Nxb8 Rxb8 18. Bd2 b4 19. Nb3 Qb6 20. Be3 Qb5 21.
Qxb5+ Rxb5 22. Nxc5 Bxc5 23. Rac1 Be7 24. Rc8+ Bd8 25. Rd1 Rd5 26. Rxd5 exd5
27. Bb6 Kd7 28. Rxd8+ Rxd8 29. Bxd8 Kxd8 30. f4 g6 31. Kf2 Kd7 32. Ke3 h5 33.
g3 Ke6 34. Kd4 a5 35. b3 Kf5 36. Kxd5 Kg4 37. Kd6 Kh3 38. Ke7 Kxh2 39. Kxf7
Kxg3 40. e6 h4 41. e7 1-0

[Event "4NCL Online Division 1"]
[Site "online"]
[Date "2020.04.21"]
[Round "3.22"]
[White "Heppell, Ian N"]
[Black "Sowray, Peter J"]
[Result "0-1"]
[WhiteElo "2027"]
[BlackElo "2278"]
[PlyCount "150"]
[EventDate "2020.04.21"]
[WhiteTeam "Wimbledon 1"]
[BlackTeam "Barbican 4NCL"]

1. e4 e5 2. Nf3 Nc6 3. d3 Nf6 4. Be2 Be7 5. O-O O-O 6. Nbd2 d5 7. c3 a5 8. a4
Re8 9. Qc2 Bf8 10. Re1 b6 11. Nf1 h6 12. Ng3 Ba6 13. Bd2 Qd7 14. Rad1 Rad8 15.
Bc1 d4 16. cxd4 exd4 17. Bf4 Rc8 18. Rc1 Nb4 19. Qb3 c5 20. h3 Qe6 21. Qxe6
Rxe6 22. Rcd1 Rd8 23. b3 Kh7 24. Bf1 Nd7 25. Bc1 Rde8 26. Rd2 Nb8 27. Ba3 N8c6
28. Red1 Bd6 29. Ne2 g6 30. Ne1 g5 31. Nc2 Nxd3 32. Rxd3 Bxd3 33. Rxd3 Ne5 34.
Nexd4 cxd4 35. Rxd4 Bxa3 36. Nxa3 Nc6 37. Rd7 R8e7 38. Rxe7 Rxe7 39. Nc4 Ne5
40. Nxb6 Rb7 41. Nc4 Nxc4 42. Bxc4 Kg7 43. Kf1 Kf6 44. Ke2 Ke5 45. Ke3 f6 46.
g3 Kd6 47. Kd4 Re7 48. f3 Rd7 49. Ke3 Kc5 50. f4 Rd1 51. fxg5 fxg5 52. Kf3 Kd4
53. Bd5 h5 54. h4 Rd3+ 55. Kf2 gxh4 56. gxh4 Rh3 57. Kg2 Rxh4 58. Kg3 Rh1 59.
Bc6 h4+ 60. Kg4 h3 61. Kg3 Rc1 62. Bd5 Rc3+ 63. Kh2 Ke5 64. Bc4 Kxe4 65. Be6
Kd4 66. Bxh3 Rxb3 67. Bd7 Rb7 68. Be8 Rg7 69. Bc6 Kc3 70. Bb5 Kb4 71. Kh3 Ka3
72. Kh4 Kb3 73. Kh5 Rg1 74. Kh4 Ra1 75. Kg3 Rxa4 0-1

[Event "4NCL Online Division 1"]
[Site "online"]
[Date "2020.04.21"]
[Round "3.23"]
[White "Chapman, Terry P D"]
[Black "Agrawal, Shivam"]
[Result "1-0"]
[WhiteElo "2236"]
[BlackElo "1952"]
[PlyCount "51"]
[EventDate "2020.04.21"]
[WhiteTeam "Barbican 4NCL"]
[BlackTeam "Wimbledon 1"]

1. Nf3 d5 2. d4 Bf5 3. c4 e6 4. Nc3 Nf6 5. Bg5 dxc4 6. e3 c5 7. Bxc4 Nc6 8. O-O
h6 9. Bxf6 gxf6 10. d5 exd5 11. Bxd5 Bd6 12. Nh4 Be6 13. Bxe6 fxe6 14. Qh5+ Kd7
15. Rfd1 Kc8 16. Ne4 Bxh2+ 17. Kxh2 Qc7+ 18. g3 a6 19. Qxc5 Rg8 20. Nxf6 Rd8
21. Ne4 a5 22. Rac1 Ra6 23. Rxd8+ Qxd8 24. Qd6 Qg8 25. Nc5 Rb6 26. Nxe6 1-0

[Event "4NCL Online Division 1"]
[Site "online"]
[Date "2020.04.21"]
[Round "3.24"]
[White "Tymms, Jonathan DM"]
[Black "Brett, Andrew R"]
[Result "0-1"]
[WhiteElo "1937"]
[BlackElo "2085"]
[PlyCount "32"]
[EventDate "2020.04.21"]
[WhiteTeam "Wimbledon 1"]
[BlackTeam "Barbican 4NCL"]

1. e4 c5 2. b4 cxb4 3. a3 d5 4. exd5 Qxd5 5. Nf3 e5 6. axb4 Bxb4 7. Na3 Nf6 8.
Nb5 O-O 9. Nc7 Qc5 10. Nxa8 e4 11. c3 exf3 12. Qxf3 Re8+ 13. Be2 Bg4 14. cxb4
Qd4 15. Ra3 Bxf3 16. gxf3 Qc4 0-1

[Event "4NCL Online Division 1"]
[Site "online"]
[Date "2020.04.21"]
[Round "3.31"]
[White "Polaczek, Richard"]
[Black "Harvey, Marcus R"]
[Result "1/2-1/2"]
[WhiteElo "2363"]
[BlackElo "2440"]
[PlyCount "130"]
[EventDate "2020.04.21"]
[WhiteTeam "Broadland Kestrels"]
[BlackTeam "Wood Green"]

1. e4 e6 2. d4 d5 3. Nc3 Nf6 4. e5 Nfd7 5. f4 c5 6. Nf3 Nc6 7. Be3 a6 8. Qd2
Qb6 9. O-O-O Qa5 10. dxc5 Bxc5 11. Bxc5 Nxc5 12. Qe3 Ne4 13. Nxe4 dxe4 14. Nd4
Bd7 15. Kb1 Nxd4 16. Rxd4 Bc6 17. Bc4 O-O 18. Rhd1 Rad8 19. Rd6 Rxd6 20. exd6
Rd8 21. a3 Rd7 22. g4 Qd8 23. Qc5 Bd5 24. Bxd5 Rxd6 25. c4 h6 26. f5 b6 27. Qd4
exd5 28. cxd5 e3 29. Qxe3 Rxd5 30. Rxd5 Qxd5 31. Qxb6 Qd3+ 32. Ka1 Qf1+ 33. Ka2
Qc4+ 34. Ka1 Qf1+ 35. Ka2 Qc4+ 36. Ka1 Qxg4 37. Qxa6 Qd1+ 38. Ka2 Qd5+ 39. Ka1
Qxf5 40. a4 Qe4 41. a5 f5 42. Qc8+ Kh7 43. a6 f4 44. Qb7 Qf5 45. a7 f3 46. a8=Q
f2 47. Qe4 f1=Q+ 48. Ka2 Qa6+ 49. Qxa6 Qxe4 50. Qd6 g5 51. b4 g4 52. Kb3 h5 53.
b5 h4 54. Qd7+ Kg6 55. Qc6+ Kf5 56. Qxe4+ Kxe4 57. b6 g3 58. hxg3 hxg3 59. b7
g2 60. b8=Q g1=Q 61. Qe8+ Kd3 62. Qb5+ Kd2 63. Qd5+ Ke2 64. Qe4+ Qe3+ 65. Qxe3+
Kxe3 1/2-1/2

[Event "4NCL Online Division 1"]
[Site "online"]
[Date "2020.04.21"]
[Round "3.32"]
[White "Greet, Andrew N"]
[Black "Bin-Suhayl, Ieysaa"]
[Result "1-0"]
[WhiteElo "2417"]
[BlackElo "2193"]
[PlyCount "61"]
[EventDate "2020.04.21"]
[WhiteTeam "Wood Green"]
[BlackTeam "Broadland Kestrels"]

1. e4 e6 2. d4 d5 3. exd5 exd5 4. Nf3 Bd6 5. c4 Nf6 6. c5 Be7 7. Nc3 O-O 8. Bd3
b6 9. cxb6 axb6 10. O-O Ba6 11. Re1 Bxd3 12. Qxd3 Nc6 13. Ne5 Nb4 14. Qb1 Nd7
15. a3 Nxe5 16. Rxe5 Bf6 17. Rf5 g6 18. Rxf6 Qxf6 19. axb4 Qxd4 20. Be3 Qxb4
21. Nxd5 Qc4 22. Nc3 Rxa1 23. Qxa1 Qb3 24. h3 c5 25. Bh6 Re8 26. Ne4 Qe6 27. b3
Qe5 28. Nf6+ Kh8 29. Bg7+ Kxg7 30. Nxe8+ Kf8 31. Qxe5 1-0

[Event "4NCL Online Division 1"]
[Site "online"]
[Date "2020.04.21"]
[Round "3.33"]
[White "Diakonova, Ekaterina"]
[Black "McPhillips, Joseph"]
[Result "1/2-1/2"]
[WhiteElo "2209"]
[BlackElo "2425"]
[PlyCount "123"]
[EventDate "2020.04.21"]
[WhiteTeam "Broadland Kestrels"]
[BlackTeam "Wood Green"]

1. e4 e6 2. d4 d5 3. Nd2 Nf6 4. e5 Nfd7 5. Bd3 c5 6. c3 Nc6 7. Ne2 cxd4 8. cxd4
f6 9. Nf4 Nxd4 10. Qh5+ Ke7 11. exf6+ Nxf6 12. Ng6+ hxg6 13. Qxh8 Kf7 14. O-O
e5 15. Nb3 Nxb3 16. axb3 Bf5 17. Bxf5 gxf5 18. Bg5 Bc5 19. Qh3 g6 20. Bxf6 Kxf6
21. b4 Bb6 22. g4 f4 23. Rfd1 Qd6 24. Qh7 Rd8 25. Qxb7 Qxb4 26. Rxa7 Kg5 27.
Qe7+ Qxe7 28. Rxe7 Bd4 29. b4 Kxg4 30. Kg2 Rc8 31. h3+ Kf5 32. Rd2 Rc4 33. Rb7
e4 34. Rf7+ Ke5 35. b5 g5 36. Rd1 Rb4 37. Re7+ Kd6 38. Re8 Bb6 39. Rg8 d4 40.
Rg6+ Kc5 41. Rxg5+ Kc4 42. Rc1+ Kd3 43. Rc6 Bd8 44. Rd5 Bh4 45. Rc1 Ke2 46.
Rc2+ Kd1 47. Ra2 Ke1 48. Ra1+ Ke2 49. Ra2+ Kd3 50. Rh5 f3+ 51. Kh2 Be7 52. Rd5
Bh4 53. Rh5 Bd8 54. Rc5 Bb6 55. Ra3+ Kd2 56. Ra2+ Kd1 57. Ra1+ Kd2 58. Ra2+ Kd1
59. Ra1+ Ke2 60. Ra2+ Kd3 61. Ra3+ Kd2 62. Ra2+ 1/2-1/2